Entomologie - Groupes - Statistiques

Statistiques générales
  • Ce quiz a été pris 5 fois
  • Le résultat moyen est 25 sur 34
Statistiques - réponses
Par images Réponse % Correct
Anisoptère
100%
Blattoptère
100%
Caelifère
100%
Coléoptère
100%
Diptère
100%
Hémiptère
100%
Isoptère
100%
Lépidoptère
100%
Mantoptère
100%
Mégaloptère
100%
Nématocère
100%
Neuroptère
100%
Orthoptère
100%
Plécoptère
100%
Symphyte
100%
Dermaptère
67%
Éphéméroptère
67%
Hétéroptère
67%
Homoptère
67%
Hyménoptère
67%
Mécoptère
67%
Odonate
67%
Phasmoptère
67%
Siphonaptère
67%
Térébrant
67%
Trichoptère
67%
Aculéate
33%
Apocrite
33%
Brachycère
33%
Cyclorrhaphe
33%
Ensifère
33%
Névroptère
33%
Raphidioptère
33%
Zygoptère
33%
Aucun quiz correspondant
Distribution des résultats
% des personnes avec chaque résultat
Percentile par nombre de réponses
Votre historique - résultats
Vous n’avez pas pris ce quiz